000 00773nam a22002777a 4500
001 2119
005 20241119100922.0
020 _a9788956354071
040 _aFISKH
_beng
_cFISKH
_dFISKH
050 _aPZ8.A95
082 _a398.21
100 _aChoi, Hyejung
245 _aThe griffin :
_bBrother Grimm /
250 _aFirst published by XACT, 2009
260 _aSeoul :
_bXACT,
_c2009
300 _a34 pages :
_c20 cm
505 _aO
520 _aA young boy is told to visit the all-knowing griffin. How will the boy survive the meeting, and what secrets will he learn?
521 _a700
_bLexile estimate
521 _aO
_bRaz-Plus
650 _aFolktale
650 _aMagic
650 _aSecret
700 _aWilburn, Jason
_eEditor
942 _2ddc
_cBK
_n0
999 _c2119
_d2119